| 000 | 01133nam a22003257a 4500 | ||
|---|---|---|---|
| 003 | CHAP | ||
| 005 | 20220817043045.0 | ||
| 008 | 971010s1985 r 10010 d | ||
| 010 | _a64212 | ||
| 011 | _a65184 | ||
| 035 | _a71448 | ||
| 040 | _cCHAP | ||
| 082 |
_a631.4063 _bC7r 1985 |
||
| 111 | 0 | 0 |
_aCongreso Nacional de la Ciencia del Suelo ( _n18 _d: 1985 _c: La Paz, B.C.S.) _927056 |
| 245 | _aPrograma general y resúmenes | ||
| 260 |
_a[México, D.F.] : _bLa Sociedad, _c1985 |
||
| 300 | _a117 p | ||
| 590 |
_aBATCH-UPD _b10 _c20130110 _lUCH01 _h0834 |
||
| 590 |
_aBATCH-UPD _b10 _c20130410 _lUCH01 _h0512 |
||
| 590 |
_aBATCH-UPD _b10 _c20130914 _lUCH01 _h2038 |
||
| 590 |
_aCONVERSION _b10 _c20130109 _lUCH01 _h1335 |
||
| 650 | 1 | 4 |
_aSuelos _xCongresos. _9110281 |
| 650 | 1 | 4 |
_aSuelos _xCongresos _xMéxico. _9110282 |
| 710 | 0 | _aSociedad Mexicana de la Ciencia del Suelo. | |
| 901 | _aBK | ||
| 942 | _cLIBRO | ||
| 949 |
_a631.4063 C65p 1985 _bZA _cLIBRO _d-9294 _eLIBRO _h5828 _i71448 _si |
||
| 949 |
_a631.4063 C7p 1985 _bBC _cCONG _d-144988 _eCONG _h69950 _i71448 _mD _si |
||
| 949 |
_a631.4063 C7p 1985 _bS _cLIBRO _d-4074 _eLIBRO _h3668 _i71448 _si |
||
| 999 |
_c64212 _d64212 |
||